Cocktails nach Zutaten - Statistiken

Allgemein
  • Dieses Quiz wurde 1.257 mal gespielt
  • Das Durchschnittsergebnis liegt bei 10 aus 12
Antwortstatistiken
Frage Antwort % Korrekt
Tequila, Orangensaft, Grenadine Tequila Sunrise
99%
Zitronensaft, Cream of Coconut oder Kokossirup, Sahne, Rum, Ananassaft Pina Colada
94%
Weißer Rum, Soda, Limette, brauner Zucker, Minze Mojito
93%
Wodka, Tomatensaft, Zitronensaft, Tabasco, Worcestersauce, Pfeffer, Salz Bloody Mary
91%
Cachaça, Limette, Limettensaft, brauner Zucker Caipirinha
87%
Wodka, Pfirsichlikör, Cranberrysaft, Zitronensaft, Orangensaft Sex on the Beach
85%
Ananassaft, Wodka, Sahne, Cream of Coconut, Blue Curacao Swimming Pool
82%
Wodka, Kaffeelikör, Sahne White Russian
81%
Limettensaft, weißer Rum, brauner Rohrzucker, Erdbeeren Erdbeer-Daiquiri
79%
Cranberrysaft, Wodka, Cointreau, Limettensaft Cosmopolitan
68%
Brauner Rum, weißer Rum, Cointreau Triple Sec, Mandelsirup, Limettensaft, Limette Mai Tai
67%
American Rye oder Bourbon Whiskey, roter Wermut, Angostura Bitter Manhattan
55%
Keine übereinstimmenden Quizze gefunden
Verteilung der Resultate
Anzahl Personen mit jedem Resultat
Perzentil nach korrekt beantworteten Fragen
Ihre Resultats-Entwicklung
Sie haben dieses Quiz noch nicht gespielt